000 00558nam a2200181Ia 4500
003 GCL
008 140319s9999 xx 000 0 ara d
040 _aGCL /
_cGCL
082 0 4 _a641.7
_bن ك
100 1 _aنخبة من معلومات الطهى
245 1 0 _aكيف تطبخين فى كل المناسبات /
_cنخبة من معلومات الطهى
260 _a[S.N] :
_bدار الكتاب اللبنانى ،
_c1982
300 _a208 ص
490 _a
650 0 4 _aالاقتصاد المنزلى
650 0 4 _aالطهى
942 _2ddc
_cBK
999 _c36165
_d36165